| 000 | 01830nam1a22002531i 4500 | ||
|---|---|---|---|
| 001 | rc\4615003 | ||
| 005 | 20240726011736.0 | ||
| 035 | _a(NLR Aleph) 008396313 | ||
| 090 |
_a9208398 _c9208398 |
||
| 100 | _a20130416d1957 |||y0rusy50 ca | ||
| 101 | 0 | _arus | |
| 102 | _aRU | ||
| 105 | _ay z ||||| | ||
| 200 | 1 |
_a[Материалы Научно-методической конференции библиотечных работников предприятий черной металлургии] _eСтенограммы лекций _eВып. 1- _fГосплан СССР. Центр. науч.-техн. б-ка черной металлургии. Отд. руководства сетью |
|
| 210 |
_aМосква _cМеталлургиздат _d1957 |
||
| 215 | _d20 | ||
| 300 | _aЗагл. вып. 2: Материалы Научно-методической конференции работников технических библиотек предприятий черной металлургии. Москва. 26 ноября - 2 дек. 1956 г. | ||
| 300 | _aНадзаголовок вып. 2: Центр. научно-техн. б-ка черной металлургии. Отд. руководства сетью | ||
| 517 | 0 | _aМатериалы Научно-методической конференции работников технических библиотек предприятий черной металлургии. Москва. 26 ноября - 2 декабря 1956 г. | |
| 710 | 1 | 2 | _aНаучно-методическая конференция библиотечных работников предприятий черной металлургии (1956; Москва) |
| 801 | 0 |
_aRU _bNLR _gpsbo |
|
| 801 | 1 |
_aRU _bELAR _2rusmarc |
|
| 852 |
_aNLR _jШифры разные |
||
| 942 | _cBOOK | ||